Регионална библиотека "Любен Каравелов" - Русе

Никола Гешев. Убит край село Куклен (Запис номер 205994)

MARC детайли
000 -Лидер
Контролно поле с фиксирана дължина 02322nam a2200433 a 4500
003 - Код на организацията, давaща контролен номер
Контролно поле BLK
005 - Дата и час на последна редакция
Контролно поле 20250127130450.0
008 - Елементи от данни с фиксирана дължина
fixed length control field 180411b bul|||||r ||||||| ||bul||
010 ## - Наследен системен номер
LC control number KNG00215726000
020 ## - Международен стандартен номер на книга ISBN
Международен стандартен номер на книга ISBN 978-954-398-543-2
040 ## - Източник на каталожния запис
Идентификатор на билиотеката - собственик на записа BLK
041 ## - Код за език
Код за езика на текст/звукозапис или на отделно заглавие Български
Код за езика КДБФ Български
072 ## - Код за тематичната категория
9 (RLIN) 178257
Код за тематична категория Н35
Текст Обществено управление. Военни науки Н
080 ## - УДК
Текстов определител УДК Органи на обществения ред. Полиция. Обществена власт. Доброволни отреди. Държавна сигурност. Милиция. Дейност на полицията по вътрешно разузнаване
УДК код - определител по УДК 351.74
УДК определител (497.2)(091)(092)
УДК - код + определител 351.74(497.2)(091)(092)
080 ## - УДК
Текстов определител УДК България през Втората световна война (1939-1944)
УДК код - определител по УДК 94(497.2)"1939/1944"
УДК определител (092)
УДК - код + определител 94(497.2)"1939/1944"(092)
080 ## - УДК
УДК определител (497.2)(091)(092)
УДК - код + определител 323(497.2)(091)(092)
080 ## - УДК
Текстов определител УДК Български полицай от периода между двете световни войни
УДК код - определител по УДК 929 Гешев, Никола Христов
УДК - код + определител 929 Гешев, Никола Христов
100 ## - Редна дума - Автор
Автор Недев, Недю Тенев
Дати, свързани с автора 1925-
Автор - информация (биография) Леверсон, Алберт, 1925- (псевдоним); Недев, Недьо Тенев, 1925-; Недев, Недю, 1925-; Nedev, Nedu, 1925-
R(LIN) 254711
139 ## - Редно поле
Редна дума Недев, Недю Тенев
Авторски знак Геш - Г 45
245 10 - Сведения за заглавието
Заглавие Никола Гешев. Убит край село Куклен
Редно поле (дума) Недю Недев.
257 ## - Страна на издаване
Страна на създаване/издаване България
260 ## - Област на издателските данни
Година на издаване 2017
9 (RLIN) 209481
Място на издаване, разпространение и проч. София
Име на издателя, разпространителя и проч. Труд
Печатница София : Алианс принт
300 ## - Физическа характеристика
Страници 166 с.
Илюстрации и др. със сн., факс.
Размери/Мащаб 21 см
380 ## - Жанр
Жанр Обществени науки
600 #0 - Име на лице, използвано като предмет
9 (RLIN) 244235
За него / За нея Гешев, Никола Христов
650 #0 - Допълнително описание по предмет – тема
9 (RLIN) 244237
Основно описание – тема или топоним Полиция - България - история
650 #0 - Допълнително описание по предмет – тема
Основно описание – тема или топоним България - история, нова
9 (RLIN) 241998
650 #7 - Допълнително описание по предмет – тема
Основно описание – тема или топоним Вътрешна политика - България - история
Източник на редна или ключова дума
9 (RLIN) 151595
653 #7 - Ключова дума – ненормативна
9 (RLIN) 181990
Ключова дума биографии
659 #7 - Тематичен бюлетин
9 (RLIN) 178160
Тематичен бюлетин Н
Тематичен бюлетин - текст Нови книги
852 ## - Местоположение
Форматна сигнатура Цб 289039
856 4# - Електронен адрес и достъп
Електронен формат pdf - файл
856 4# - Електронен адрес и достъп
Електронен формат pdf - файл
999 ## - СИСТЕМНИ КОНТРОЛНИ НОМЕРА
Koha biblionumber 205994
Koha biblioitemnumber 205994
942 ## - АРТИКУЛИ
Вид на библиотечния материал Книги
Скрит в OPAC Не
Koha issues (borrowed), all copies 1
944 ## - СЪЗДАВАНЕ И РЕДАКЦИЯ на ЗАПИСА
Създаване/Редакция Създаване
Дата на регистрацията/редакция 29.01.2018
Служител, извършил регистрацията/редакцията 30560
Статус, дата на статуса Геновева Генчева
944 ## - СЪЗДАВАНЕ И РЕДАКЦИЯ на ЗАПИСА
Създаване/Редакция Редакция
Дата на регистрацията/редакция 26.01.2018
Служител, извършил регистрацията/редакцията Пенка_Димитрова
999 ## - СИСТЕМНИ КОНТРОЛНИ НОМЕРА
Koha biblioitemnumber 205994
999 ## - СИСТЕМНИ КОНТРОЛНИ НОМЕРА
Koha biblioitemnumber 205994
Наличности
Код за отписване Код за изгубен артикул Източник на класификационната схема Код за повреда Коз за рестрикции Код за отдаване Артикулен № Име на библиотеката - собственик Име на библиотеката, в която се намира в момента Статус (Текущо местоположение) Дата на вписване в системата Местоположение - отдел Цена в лева Инвентарен номер Систематично азбучна сигнатура Баркод Номер на екземпляра Цена в евро Служебна бележка Служебен тип на артикула
  Не е изгубен Universal Decimal Classification Не е повреден без рестрикции заемане за дома 354375 Регионална библиотека "Любен Каравелов" Русе Регионална библиотека "Любен Каравелов" Русе Заемна - подръчен фонд 2018-01-26 Заемна - подръчен фонд 7.99 120000819324 П 351(092)/Г 45 120000819324 1 4.09 Дост: Pk Вид: Ф N: 1897 Дата: 25.01.2015 Дата инв: 15.02.2018 Бележки инв: П2018 Книги
  Не е изгубен Universal Decimal Classification Не е повреден без рестрикции заемане за дома 677479 Регионална библиотека "Любен Каравелов" Русе Регионална библиотека "Любен Каравелов" Русе Заемна - подръчен фонд 2018-06-18 Заемна - подръчен фонд 9.99 120000821305 П 351(092)/Г 45 120000821305   5.11   Книги
  Не е изгубен Universal Decimal Classification Не е повреден без рестрикции ползва се в читалня 684487 Регионална библиотека "Любен Каравелов" Русе Регионална библиотека "Любен Каравелов" Русе Хранилище 2018-12-06 Хранилище 9.99   Цб 292075 120000826208   5.11   Книги
Vip Innovations Ltd, Rousse, Bulgaria 2025